Manuál technické analýzy cesta k profitu na burze

Salvato in:
Dettagli Bibliografici
Autore principale: Turek, Ludvík
Natura: Libro
Lingua:ceco
Pubblicazione: Praha Czechwealth 2012
Soggetti:
Tags: Aggiungi Tag
Nessun Tag, puoi essere il primo ad aggiungerne!!

MARC

LEADER 00000nam a2200000 4500
001 0160305
005 20240313133150.3
041 0 |a cze 
044 |a CZ 
245 1 0 |a Manuál technické analýzy  |b cesta k profitu na burze  |c Ludvík Turek 
264 1 |a Praha  |b Czechwealth  |c 2012 
610 2 0 |a analýza technická 
610 2 0 |a trh burzový 
610 2 0 |a trh devízový 
610 2 0 |a cykly obchodné 
610 2 0 |a ceny burzové 
100 1 |a Turek, Ludvík